• 首页
  • 本馆介绍
  • 公告通知
  • 最新文献
  • 馆藏检索
  • 电子资源
  • 读者导购
  • 参考咨询
  • 我的图书馆
  • 登录
  • 详细信息显示
  • 放入我的书架
  • 预约/预借图书
  • 作者相关作品
  • 分类相关作品
  • 丛书相关作品
  • 出版社相关作品

书目信息

  • 表格格式
  • 工作单格式
  • 卡片格式
题名:
流动注射分析
    
 
作者: 茹奇卡 , 汉森 , Hansen 著 ;方肇伦 译
分册:  
出版信息: 北京   科学出版社  1986
页数: 232页
开本: 19cm
丛书名:
单 册:
中图分类: O661 , O657
科图分类:
主题词: 流动注射分析 , 分析化学 , 分析(化学)
电子资源:
ISBN:
000 00942nam0 2200337 45
001 0186005185
005 20040520103826.4
010    @dCNY1.80
091    @a13031.3201
100    @a19951115d1986 em y0chiy0121 ea
101 1  @achi@cdan
102    @aCN@b110000
105    @ay z 000yy
106    @ar
200 10 @a流动注射分析@Aliu dong zhu she fen xi@f(丹)茹奇卡,(丹)汉森(Hansen,E.H.)著@g方肇伦译
210    @a北京@c科学出版社@d1986
215    @a232页@d19cm
300    @a书名原文: Flow Injection Analysis.
510 1  @aFlow Injection Analysis@zdan
606    @a流动注射分析
606 0  @a分析化学
606 0  @a分析(化学)
690    @aO661@v3
690    @aO657
701  1 @a茹奇卡@bJ.@4著@Aru qi ka
701  1 @a汉森@bE.H.@4著@Ahan sen
701 A1 @aHansen@bE.H.@4著
702  0 @a方肇伦@4译@Afang zhao lun
801  0 @aCN@b深圳图书馆@c20040520
801  2 @aCN@bNLC@c20040520
905    @f1@b163999@dO657@e40
    
    流动注射分析/(丹)茹奇卡,(丹)汉森(Hansen,E.H.)著/方肇伦译.-北京:科学出版社,1986
    232页;19cm
    书名原文: Flow Injection Analysis.
    
    ISBN :CNY1.80
    
●
相关链接 在E读中查询图书 在五车中查询图书 在当当中查询图书 在豆瓣中查询图书


正题名:流动注射分析     索取号:O657/40         预约/预借

序号 登录号 条形码 馆藏地/架位号 状态 备注
1 0163999   000629831   第三借阅区/ [索取号:O657/40] 在馆    
2 0164000   202096445   第二样本阅览室/ [索取号:O657/40] 在馆    
唐山师范学院图书馆 欢迎您!
大连网信软件有限公司© 版权所有